000 00452nam a22001337a 4500
040 _cNUST
082 _a200 THE
100 _aShuaib Iqbal
_989222
110 _aSupervisor Dr. Farhan Hussain
_989223
245 _aTH-SOF-1965-An Efficient Approach Towards Predicting Residential Energy Consumption Via Encoder-Decoder CNN-LSTM
260 _aISLAMABAD:
_bNUST COLLEGE OF EME,
_c2022.
650 _aMS-COMPUTER ENGINEERING-18
_989224
942 _2ddc
_cTHE
999 _c588029
_d588029